[Event "Morelia/Linares 24th"]
[Site "Morelia/Linares"]
[Date "2007.02.21"]
[Round "4"]
[White "Topalov, Veselin"]
[Black "Svidler, Peter"]
[Result "1/2-1/2"]
[WhiteElo "2783"]
[BlackElo "2728"]
[Annotator "Marin,M"]
[PlyCount "57"]
[EventDate "2007.02.17"]
[EventType "tourn"]
[EventRounds "14"]
[EventCountry "ESP"]
[EventCategory "20"]
[SourceTitle "CBM 117"]
[Source "ChessBase"]
[SourceDate "2007.03.30"]
[SourceVersion "1"]
[SourceVersionDate "2007.03.30"]
[SourceQuality "1"]

1. Nf3 Nf6 2. c4 g6 3. Nc3 d5 4. Qa4+ Bd7 5. Qb3 dxc4 6. Qxc4 a6 7. d4 b5 8.
Qb3 c5 9. dxc5 Bg7 10. e4 O-O 11. Be2 Bc6 12. e5 Nfd7 13. Be3 Nxe5 14. Nxe5
Bxe5 15. Rd1 ({Topalov deviates from} 15. O-O {as played in the game
Gelfand-Svidler, Moscow 2006, which was eventually won by White.}) 15... Qa5
16. O-O e6 17. f4 Bg7 18. a3 Qc7 19. Qc2 b4 $5 {The only way to prevent b2-b4.}
20. axb4 Qb7 21. Rd6 Qxb4 22. Rfd1 Ra7 23. R1d2 Rd7 24. Rxd7 Nxd7 25. Rd6 Qb7 {
In spite of White's activity, Black can maintain his stability on light
squares without problems.} 26. Qd2 Nf6 27. Bf1 Rb8 28. Rd8+ Bf8 29. Rxb8
1/2-1/2

[Event "Khanty-Mansiysk FIDE GP"]
[Site "Khanty-Mansiysk"]
[Date "2015.05.19"]
[Round "5"]
[White "Jakovenko, Dmitrij"]
[Black "Vachier Lagrave, Maxime"]
[Result "1-0"]
[WhiteElo "2738"]
[BlackElo "2754"]
[Annotator "Marin,M"]
[PlyCount "79"]
[EventDate "2015.05.14"]
[EventType "tourn"]
[EventRounds "11"]
[EventCountry "RUS"]
[EventCategory "21"]
[SourceTitle "CBM 167"]
[Source "ChessBase"]
[SourceDate "2015.07.13"]
[SourceVersion "1"]
[SourceVersionDate "2015.07.13"]
[SourceQuality "1"]

1. Nf3 {[%emt 0:00:06]} Nf6 {[%emt 0:00:05]} 2. c4 {[%emt 0:00:04]} g6 {
[%emt 0:00:04]} 3. Nc3 {[%emt 0:00:04]} d5 {[%emt 0:00:02]} 4. cxd5 {[%emt 0:
00:06]} Nxd5 {[%emt 0:00:04]} 5. g3 {[%emt 0:00:04]} Bg7 {[%emt 0:00:45]} 6.
Bg2 {[%emt 0:00:10]} O-O {[%emt 0:00:50]} 7. h4 $5 {[%emt 0:00:04];Kramnik,V 
(2784)-L'Ami,E (2628) Tata Steel-A 73rd 2011 (9) 1-0 The plan based on h2-h4
is known in the fianchetto anti Grünfeld, but in this concrete position it is
rather rare. White usually plays it in the lines with a delayed Ng1-f3, when
Black retreats with his knight to b6 at an early stage. A hybrid version of
this plan was successfully tried in} ({The main line does not offer White any
hopes for an advantage if he wants to avoid a transposition to the Grünfeld:} 
7. O-O Nc6 8. Nxd5 (8. d4 Nb6 {transposes to a fianchetto Grünfeld.}) 8... Qxd5
9. d3 Qb5 {The latest example did not change this evaluation:} 10. Rb1 a5 11.
Bd2 Be6 12. b3 Bd5 13. a4 Qa6 14. Re1 Rfd8 15. Qc1 Rd7 16. Bh3 Rd6 $11 {
Petran,P (2352)-Sturua,Z (2536) Eretria 2015 (1/2-1/2, 30)}) 7... e5 {[%emt 0:
04:41] Despite the reduced number of games with 7.h4, Black has tried a wide
range of replies.} (7... h6 {prepares meeting h4-h5 with ...g6-g5 and takes
the g5-square away from the white minor pieces. But many players may feel
uncomfortable about weakening their kingside so early and living with the
permanent fear of a sacrifice on g5.} 8. O-O Nc6 9. d3 Nb6 10. Bd2 e5 11. Ne4
Nd4 12. Rc1 c6 13. Nc5 ({The attempt to activate the bishop with} 13. Bb4 Re8
14. e3 {can be met with} Nd5 $5 {leaving the bishop short of stable squares
along the a3-f8 diagonal.} 15. exd4 Nxb4 16. a3 Nd5 17. dxe5 Bxe5 18. Nxe5 Rxe5
19. Qd2 Kg7 20. b4 {White's position is pleasant, but the stable d5-knight
makes Black's position quite stable.}) 13... a5 {with normal reversed Dragon
play in Matlakov,M (2685)-Jakovenko,D (2745) Khanty-Mansiysk 2014 (1/2-1/2, 43)
}) ({Exposing the c-pawn with} 7... c5 {when there are certain kingside
dangers already exposes Black to threats on both wings:} 8. h5 Nc6 9. hxg6 hxg6
10. Qa4 e6 ({It would make sense to prevent the queen's transfer to the h-file
with} 10... Ncb4 $5 11. Kf1 Bd7 12. Qd1 Be6 13. d3 $5 {A typical pawn
sacrifice for speeding up the attack.} Nxc3 14. bxc3 Bxc3 15. Bh6 Re8 16. Rc1
Bf6 17. Qd2 Nxa2 18. Bg5 Bg7 {White may have not much left than repeating the
moves with} 19. Bh6 $11 {and so on.}) 11. Kf1 Nb6 (11... Bd7 {Khenkin,I (2655)
-Olszewski,M (2532) Germany 2013 (1/2-1/2, 54), invites the queen into an
incursion which made part of White's plan anyway.} 12. Qg4 {[%cal Gg4h3]} e5
13. Qc4 {[%csl Gc5,Gd5]}) 12. Qh4 ({White willingly exchanges a piece which
has moved twice on its as yet undeveloped rival. Maybe it would make sense to
delay Qh4 for a while, for instance} 12. Qe4 $5 {[%cal Gd2d3,Gg3g4]} f5 13. Qh4
{[%csl Gg5]}) 12... Qxh4 13. Rxh4 Nd5 14. d3 Nxc3 15. bxc3 Bxc3 16. Rb1 Bg7 {
Kovalenko,I (2611)-Kantans,T (2437) Riga 2014 (1-0, 82)} 17. Ng5 $5 {[%csl Rc5,
Rc6][%cal Gg5e4,Gc1e3]} Nb4 18. Be3 Nxa2 19. Bxc5 Rd8 20. Ne4 $44) (7... h5 {
looks too rigid and hands in the control over the g5-square.} 8. O-O Nc6 9. d4
{Transposing to some sort of Grünfeld.} Bg4 10. Nh2 Be6 11. e4 Nxc3 12. bxc3
Na5 13. Bg5 Bc4 14. Re1 c5 15. Nf3 Qd7 16. Qc1 Rac8 17. Bh6 cxd4 18. Bxg7 Kxg7
19. Qa3 b6 20. cxd4 Qd6 21. Qe3 (21. Qb2 $5 $14) 21... Nc6 (21... e6 22. e5 Qd7
23. Ng5 {with excellent play on the dark squares.}) 22. d5 {An impatient move,
opening the path for the knight to e5 and also g4.} ({The knight would have
had a much harder time after} 22. Bh3 Rc7 23. Rec1 Na5 24. d5 $14) 22... Ne5
23. Nd4 Kh7 $11 {Gritsak,O (2549)-Cheparinov,I (2700) Legnica 2013 (0-1, 65)})
({The first game in which this line was tried went} 7... Nf6 8. d3 ({Actually
this would be a good moment to transpose to a Grünfeld type of position with} 
8. d4 {since the g7-bishop does not exert any pressure in the centre.}) 8...
Nc6 9. Bf4 Bg4 10. Qd2 Re8 11. Rc1 e5 12. Bg5 Nd4 13. Nh2 Bf5 (13... Bc8 14. h5
$14) 14. Bxb7 Rb8 15. Bg2 $16 {Cebalo,M-Kirov,N Sarajevo 1974 (0-1, 27)}) 8.
Nxd5 {[%emt 0:03:00] A well-timed exchange.} (8. h5 Nxc3 $1 9. bxc3 e4 10. Nh2
{Grandelius,N (2569)-Halldorsson,H (2221) Reykjavik 2015 (1-0, 30)} Re8 {
with active play for Black.}) 8... Qxd5 {[%emt 0:00:24]} 9. d3 {[%emt 0:00:06]}
Nc6 {[%emt 0:28:58]} ({With the queen exposed on d5,} 9... h6 10. Be3 {would
create the unpleasant threat Qc1, when it would be impossible to defend with ..
.Kh7 due to Ng5!+.} Qa5+ (10... Qb5 11. Qd2 Kh7 12. a4 Qe8 13. Rc1 Nc6 14. b4
$36) 11. Kf1 (11. Qd2 Qxd2+ 12. Nxd2 {would lead to a pleasant English ending,
but the main line is more ambitious.}) 11... Nc6 12. Qc1 Kh7 13. b4 $5 $14 Nxb4
$6 14. h5 g5 15. Bc5 $16 Re8 $2 16. Nxg5+ hxg5 17. h6 Bf6 18. Qc4 $18 {[%csl
Gb4,Gf7]}) 10. h5 {[%emt 0:04:33]} Bg4 {[%emt 0:03:51]} 11. hxg6 {[%emt 0:09:
04]} hxg6 {[%emt 0:00:10]} 12. Rh4 $14 {[%emt 0:14:18] White has achieved a
typical position in which his uncastled king feels a lot safer than its rival.}
Qd7 {[%emt 0:03:53]} 13. Qa4 {[%emt 0:02:41]} Be6 {[%emt 0:06:19]} 14. Rh2 {
[%emt 0:12:43] Threatening Qh4. This move will eventually be crowned by
success, but White could have first played some generally useful moves.} (14.
Kf1 $5) (14. Be3 $5) 14... Ne7 $6 {[%emt 0:09:51] Offering White a pleasant
choice.} ({Black could have taken advantage of White's delay in development
with} 14... f6 {[%cal Gg8f7,Gf8h8] starting the fight for the h-file.} 15. Nd2
{This looks the most consistent plan, but Black will reach counterplay just in
time.} Kf7 16. Nb3 Rh8 17. Rxh8 Rxh8 18. Nc5 Qd4 19. Bxc6 bxc6 20. Qxc6 Qd6 $1
{When having an advance in development simplifying is a reliable method, even
with a pawn down.} 21. Qxd6 cxd6 22. Nxe6 Rh1+ {With the king on f1 (as in a
possible similar line after 14.Kf1) this resource would not be available.} 23.
Kd2 Kxe6 {All White's active pieces have vanished from the board and he is
left with the problem of how to complete his development.} 24. e3 (24. b3 Rf1
$11 25. f3 $6 Bh6+ 26. Kc2 Re1 27. e4 Be3 $36) 24... f5 $44 25. b4 f4 26. gxf4
(26. Bb2 $2 Rh2 $17) 26... exf4 27. d4 fxe3+ 28. fxe3 g5 29. Bb2 Rh2+ 30. Kc3
Re2 31. Rg1 Bf6 32. Rg3 Kf5 {[%cal Gg5g4,Gf6h4] White has nothing better than
using his only active piece to force a repetition:} 33. Rf3+ Kg6 34. Rg3) 15.
Qxd7 {[%emt 0:06:39] This is the simplest solution, as the endings tend to be
very pleasant for White.} (15. Qe4 $5 {[%csl Gb7,Ge5,Rg8] was a worthy
alternative, though.}) 15... Bxd7 {[%emt 0:00:05]} 16. Bh6 $6 {[%emt 0:00:47]
This should have led to simplifications and equality.} (16. Bd2 Bc6 17. Rc1 {
[%cal Gf3g5]}) 16... Bxh6 $2 {[%emt 0:03:47] A terrible blunder.} (16... f6 $1
17. Kd2 (17. Be3 Kf7 {[%cal Gf8h8]}) 17... Bxh6+ 18. Rxh6 Kg7 19. Rah1 Rh8 $11)
17. Nxe5 $1 $16 {[%emt 0:05:46] Winning a pawn without any compemnsation for
Black.} Bb5 {[%emt 0:05:49]} 18. Rxh6 {[%emt 0:00:05]} Nf5 {[%emt 0:00:04]} 19.
Rh2 {[%emt 0:14:39]} Rfe8 {[%emt 0:07:27]} 20. Ng4 {[%emt 0:03:37]} Nd4 {
[%emt 0:00:10]} 21. Nf6+ {[%emt 0:01:13]} Kg7 {[%emt 0:00:04]} 22. Nxe8+ {
[%emt 0:00:03]} Rxe8 {[%emt 0:00:05]} 23. Kf1 {[%emt 0:03:22]} Nxe2 {[%emt 0:
00:18]} 24. Bxb7 {[%emt 0:00:30]} (24. Rd1 $16) 24... Bxd3 {[%emt 0:03:08]} 25.
Kg2 {[%emt 0:01:08]} Rb8 {[%emt 0:00:31]} 26. Rd1 {[%emt 0:05:53]} Bf5 {
[%emt 0:01:28]} 27. Rd2 {[%emt 0:03:22]} Nxg3 {[%emt 0:04:21]} 28. Kxg3 {
[%emt 0:01:34]} Rxb7 {[%emt 0:00:06]} 29. Rh4 {[%emt 0:00:06]} Be6 {[%emt 0:00:
59]} 30. b3 {[%emt 0:03:30]} c6 {[%emt 0:03:16]} 31. Rd8 {[%emt 0:00:46]} Rb5 {
[%emt 0:00:05]} 32. Ra4 {[%emt 0:01:53]} Rc5 {[%emt 0:01:40]} 33. Kf3 {[%emt 0:
07:59]} Bd5+ {[%emt 0:10:41]} 34. Ke3 {[%emt 0:00:05]} Rc2 {[%emt 0:00:23]} 35.
Rxa7 {[%emt 0:00:09]} g5 {[%emt 0:00:04]} 36. Rd6 {[%emt 0:03:59]} Rb2 {
[%emt 0:02:45]} 37. Ra4 {[%emt 0:01:20]} f6 {[%emt 0:06:12]} 38. b4 {[%emt 0:
00:14]} Kg6 {[%emt 0:00:58]} 39. a3 {[%emt 0:00:08]} Kf5 {[%emt 0:00:49]} 40.
Ra5 {[%emt 0:00:00]} 1-0

[Event "Metz op 30th"]
[Site "Metz"]
[Date "2012.04.23"]
[Round "1"]
[White "Donchenko, Alexander"]
[Black "Manolache, Marius"]
[Result "0-1"]
[WhiteElo "2309"]
[BlackElo "2561"]
[Annotator "Metz Alekhine/Primel,D"]
[PlyCount "82"]
[EventDate "2012.04.14"]
[EventType "swiss"]
[EventRounds "9"]
[EventCountry "FRA"]
[SourceTitle "EXT 2013"]
[Source "ChessBase"]
[SourceDate "2012.11.22"]
[SourceVersion "1"]
[SourceVersionDate "2012.11.22"]
[SourceQuality "1"]

1. Nf3 Nf6 2. c4 g6 3. Nc3 d6 4. g3 Bg7 5. Bg2 O-O 6. O-O c6 7. d3 a6 {[%cal
Gb7b5]} 8. Rb1 b5 9. b3 (9. Nd4 d5 {Kasimdzhanov,R (2603)-Al Modiahki,M (2553)
Groningen op 1999 (6) 1-0}) 9... Bb7 10. Bb2 Nbd7 11. e3 $146 (11. Nd2 d5 12.
d4 Rb8 13. c5 b4 14. Na4 a5 15. e4 dxe4 16. Nxe4 Nxe4 17. Bxe4 Ba6 18. Bxc6
Bxf1 19. Qxf1 Qc7 20. Bf3 e6 21. Qc4 Nf6 22. Bc1 Nd5 23. Bxd5 exd5 24. Qd3 Qc6
25. Bf4 Rbd8 26. Rd1 Rfe8 27. Bg5 Ra8 28. Nb6 Ra7 29. Be3 Bf6 30. Qf1 Bd8 31.
Na4 Rae7 32. Bg5 f6 33. Be3 Bc7 34. Nb2 Re4 35. Nd3 h5 36. Qg2 Kg7 37. Qf3 R8e7
38. Re1 Qe6 39. Kg2 h4 40. c6 h3+ {Taleb,M (2312)-Kuzmin,A (2587) Dubai 2000
0-1}) 11... Qb6 12. Qe2 a5 13. Nd2 Rab8 (13... a4 $5) 14. Rfc1 Rfe8 15. Nce4 d5
{Un coup naturel mais probablement prématuré car après quelques échanges, les
Blancs vont prendre un léger avantage} (15... Nxe4 {Plus souple} 16. Nxe4 f5
17. Ng5 e5 18. cxb5 cxb5) 16. cxd5 cxd5 17. Bd4 $1 Qa6 18. Nxf6+ Bxf6 (18...
Nxf6 19. Bxf6) 19. Bxf6 Nxf6 20. d4 $1 $14 {[%csl Ra6,Rb7,Rd5][%cal Gc1c5,
Gb1c1]} Bc8 21. Rc5 $36 {Les pièces Noires sont mal coordonnées pour empêcher
les Blancs d'attaquer sur la colonne "c"} Bg4 22. Qf1 Rec8 23. Rbc1 Kg7 24. Nb1
$1 {[%csl Rb5][%cal Gb1a3,Gb1c3]} (24. Bxd5 Nxd5 25. Rxd5 Bh3 $44 {[%csl Rd5,
Rg1][%cal Ga6b7]}) 24... Qb7 25. Qe1 Ra8 {[%cal Ga5a4]} 26. Rxc8 Rxc8 27. a3 b4
28. axb4 (28. a4 {Aurait évité de donner l'ouverture de la colonne "a"}) 28...
axb4 29. Rc5 Ra8 $132 (29... Rxc5 30. dxc5 Qb5) 30. Nd2 Ra2 31. h3 Be6 32. Kh2
Qa6 33. Rc1 Qd3 $15 34. Rd1 Qc3 35. Kg1 h5 36. Bf1 Bf5 (36... h4) 37. Bg2 Rb2
38. Bf1 Ne4 39. Nxe4 Bxe4 40. Rc1 Qxe1 41. Rxe1 Rxb3 0-1

[Event "Metz op 30th"]
[Site "Metz"]
[Date "2012.04.23"]
[Round "3"]
[White "Gurevich, Mikhail"]
[Black "Aguettaz, Maxime"]
[Result "1-0"]
[WhiteElo "2611"]
[BlackElo "2437"]
[Annotator "Metz Alekhine/Primel,D"]
[PlyCount "31"]
[EventDate "2012.04.14"]
[EventType "swiss"]
[EventRounds "9"]
[EventCountry "FRA"]
[SourceTitle "EXT 2013"]
[Source "ChessBase"]
[SourceDate "2012.11.22"]
[SourceVersion "1"]
[SourceVersionDate "2012.11.22"]
[SourceQuality "1"]

1. c4 g6 2. Nc3 Bg7 3. g3 d6 4. Bg2 Nf6 5. d3 O-O 6. Bg5 h6 7. Bd2 Nc6 (7... e5
8. e4 c5 9. Nge2 Nc6 10. O-O Nh5 11. Nd5 Ne7 12. Nec3 Nxd5 13. Nxd5 Nf6 14.
Nxf6+ Qxf6 15. b4 Qe7 16. Rb1 Kh7 17. a4 Rb8 {1/2-1/2 (17) Gurevich,M (2617)
-Mamedov,N (2587) Konya 2011}) 8. Rb1 e5 9. b4 Re8 $146 (9... Ne7 10. e4 Nd7
11. Nge2 f5 12. Qc1 Kh7 13. O-O a5 14. a3 c6 15. exf5 gxf5 16. f4 axb4 17. axb4
Nf6 18. b5 Qc7 19. Kh1 Be6 20. Qe1 Ng6 21. Qf2 Nd7 22. bxc6 bxc6 23. Qf3 Rac8
24. Be3 exf4 25. Bxf4 Nde5 26. Qe3 Bd7 27. Ra1 Ng4 28. Qa7 Nxf4 29. Rxf4 Rfe8
30. Qxc7 Rxc7 31. Rb1 Ra7 32. Bh3 h5 33. Bxg4 hxg4 34. Rff1 Re3 35. d4 c5 36.
dxc5 Bxc3 37. Nxc3 Rxc3 38. cxd6 Rxc4 39. Rfe1 {Nishimura,H (2285)-Temirbaev,S
(2461) Kuala Lumpur 1993 0-1}) 10. e3 Bg4 11. Qc2 a5 12. a3 axb4 13. axb4 e4
14. Nxe4 Nxe4 15. Bxe4 Rxe4 $5 16. dxe4 {Suite illisible et gain Blanc au
32ème coup} 1-0

[Event "Metz op 31th"]
[Site "Metz"]
[Date "2013.04.23"]
[Round "6"]
[White "Donchenko, Alexander"]
[Black "Migot, Tangi"]
[Result "1-0"]
[WhiteElo "2428"]
[BlackElo "2311"]
[Annotator "Metz Alekhine/Primel,D"]
[PlyCount "79"]
[EventDate "2013.04.20"]
[EventType "swiss"]
[EventRounds "9"]
[EventCountry "FRA"]
[SourceTitle "EXT 2016"]
[Source "ChessBase"]
[SourceDate "2015.10.08"]
[SourceVersion "1"]
[SourceVersionDate "2015.10.08"]
[SourceQuality "1"]
[TimeControl "40/5400:1800+30"]
[WhiteClock "1:30:00"]
[BlackClock "1:30:00"]

1. c4 Nf6 2. g3 d5 3. cxd5 Nxd5 4. Bg2 g6 5. Nc3 Nb6 6. d3 (6. h4 $5 h6 {
Le Quang,L (2717)-Robson,R (2583) Lubbock SPICE Cup-A 5th 2011 (4) 1/2-1/2}) (
6. Nf3 Bg7 7. O-O O-O 8. d4 (8. b3 a5 9. Bb2 a4 10. Nxa4 Nxa4 11. Bxg7 Kxg7 12.
bxa4 Nc6 13. d3 e5 14. Rc1 Re8 15. Nd2 Nd4 16. e3 Nf5 {Cvetkovic,S (2352)
-Kozhuharov,S (2461) Arad op 2013 (9) 1/2} (16... Ne6 17. Qb3 $14 {Cvetkovic}))
8... Nc6 9. e3 (9. d5)) 6... Bg7 7. Be3 Nc6 8. Rc1 (8. Bxc6+ bxc6 9. Qc1 h5 10.
h4 Nd5 11. Bd2 $14 {Belous, V (2426)-Zabotin,A (2512) RUS-ch Higher League
62nd 2009 (7) 1-0}) 8... Nd4 9. Qd2 Nf5 10. Bc5 c6 (10... O-O 11. Nf3) 11. Nf3
O-O 12. O-O Re8 13. Ba3 $146 (13. Rfd1 a5 {Ornstein,A (2392)-Miron,L (2506)
Agneaux St Lo IM 14th 2012 (3) 1/2-1/2}) 13... a5 14. e3 Nd6 15. Qe2 Nd5 16. e4
Nb4 17. Rfd1 $14 {[%cal Gd3d4]} Be6 $5 18. Ra1 h6 19. d4 Bc4 20. Qd2 Ba6 {
[%csl Ra3,Ra6] Une position originale avec les 04 fous dans des positions
symétriques} 21. b3 Kh7 (21... c5 $5 22. e5 cxd4) 22. e5 Nc8 23. Ne4 Nd5 24.
h4 f5 25. Nc5 $36 {[%csl Gc5]} e6 (25... b6 26. Nxa6 Rxa6 27. h5) 26. Qc2 {
[%csl Rg6,Rh7][%cal Gh4h5,Gc2h7]} Kg8 27. Nd2 Bb5 $6 (27... Bf8 {[%cal Gf8c5]})
28. Nxb7 Qc7 29. Nc5 Qf7 30. Bb2 Rf8 31. Nc4 {Les Noirs n'ont pas de
compensations} Ra7 32. Bc1 f4 33. Be4 Nb4 34. Qd2 fxg3 35. fxg3 Bxc4 36. bxc4
Nb6 37. Qe2 Nxc4 38. Bf4 Nb6 39. Qg4 N6d5 40. Bxg6 1-0